La eucaristía: una fiesta infinita
Shranjeno v:
| Glavni avtor: | |
|---|---|
| Format: | Knjiga |
| Jezik: | španščina |
| Izdano: |
Madrid
Ciudad Nueva
1998
|
| Serija: | Cuestiones, 14
|
| Teme: | |
| Oznake: |
Označite
Brez oznak, prvi označite!
|
MARC
| LEADER | 00000nam a2200000 a 4500 | ||
|---|---|---|---|
| 001 | UCO8891 | ||
| 003 | CL-VaPUC | ||
| 008 | 010105e19980000SP |||||||||||||||||spa|d | ||
| 082 | 0 | 4 | |a 264.36 |b FAN |2 21 |
| 100 | 0 | |a Fanlo, Leandro |e author |9 453789 | |
| 245 | 1 | 3 | |a La eucaristía: una fiesta infinita |
| 300 | |a 62 p | ||
| 942 | |c BK | ||
| 945 | |d 20010105 00:00:00 |a vberengu | ||
| 260 | |a Madrid |b Ciudad Nueva |c 1998 | ||
| 650 | 0 | |a Eucaristía |9 257336 | |
| 650 | 7 | |a LITURGIA |2 CL-VaPUC |9 453790 | |
| 650 | 0 | |a Misa |9 329325 | |
| 650 | 0 | |a Ritos y ceremonias |9 326995 | |
| 583 | |a last modification |c 20010105 00:00:00 |k Rodrigo Vera | ||
| 490 | 0 | |a Cuestiones, 14 | |
| 999 | |c 293312 |d 293310 | ||
| 952 | |0 0 |1 0 |4 0 |6 264_360000000000000_FAN_1998 |7 0 |8 A |9 344773 |a BIBTEO |b BIBTEO |d 2019-11-20 |i 3679101 |o 264.36 FAN 1998 |p 3679101 |r 2025-01-17 |w 2019-11-20 |y BK |k ICR | ||